000 00649nam a22002177a 4500
008 240610b mp ||||| |||| 00| 0 mon d
035 _a36427
040 _aDO1421060
_bmon
_cMN-UlNLM
_dMN-UlNLM
_erda
041 _amon
042 _a87865
084 _2NNA
_a83.3
_bК 986
100 _aКэстнер Э.
245 0 _aЛотте, Луизе хоёр
264 _aУБ
_bМон судар
_c2019
300 _a208х.
336 _2rdacontent
_atext
_btxt
337 _2rdamedia
_aunmediated
_bn
338 _2rdacarrier
_avolume
_bnc
650 _aХүүхдэд зориулсан сонирхолтой бүтээлүүд
942 _2NNA
_cBK
999 _c980318
_d980375